Vista normal
Vista MARC
Entrada Personal Name
Número de registros utilizados en: 1
001 - CONTROL NUMBER
- control field: 13819
003 - CONTROL NUMBER IDENTIFIER
- control field: DLC
005 - DATE AND TIME OF LATEST TRANSACTION
- control field: 20250630105744.0
008 - FIXED-LENGTH DATA ELEMENTS
- fixed length control field: 020312n| acannaabn |a aaa
010 ## - LIBRARY OF CONGRESS CONTROL NUMBER
- LC control number: n 2002094870
040 ## - CATALOGING SOURCE
- Original cataloging agency: DLC
- Language of cataloging: spa
- Transcribing agency: Mx-PuUPA
- Modifying agency: Mx-PuUPA
- Description conventions: rda
100 1# - HEADING--PERSONAL NAME
- Personal name: Moreno, César,
- Dates associated with a name: 1961-
374 ## - OCCUPATION
- Occupation: Autor
375 ## - GENDER
- Gender: hombre
377 ## - ASSOCIATED LANGUAGE
- Language code: spa
400 1# - SEE FROM TRACING--PERSONAL NAME
- Personal name: Moreno Márquez, César,
- Dates associated with a name: 1961-
400 1# - SEE FROM TRACING--PERSONAL NAME
- Personal name: Márquez, César Moreno,
- Dates associated with a name: 1961-
670 ## - SOURCE DATA FOUND
- Source citation: Moreno, César. Tráfico de almas, 1998:
- Information found: t.p. (César Moreno) flap, p. 2 (César Moreno Márquez; b. 1961)